Oceanian Geography by Letter - F - Statistics

General Stats
  • This quiz has been taken 146 times
  • The average score is 10 of 20
Answer Stats
Hint Answer % Correct
Suva is its capital Fiji
100%
Capital of Tuvalu Funafuti
78%
European overseas collectivity Tahiti is part of French Polynesia
69%
What F in FSM stands for Federated
68%
Archipelago in the Solomon Islands with namesake of a U.S. state Florida Islands
68%
World's largest type of bat {Flying} Fox
65%
Wallis and ______ Futuna
59%
National anthem of Australia: Advance Australia ... Fair
54%
Dingo, Rabbit-proof, for example Fence
54%
Vanuatu's top export Fish
48%
Region in the South Island home to narrow, long inlets {Fiord}land
46%
Nickname of New South Wales {First} State
42%
Type of bird on Kiribati's flag {Frigate}bird
36%
Ancestry of 13.6% of Hawaiians Filipino
32%
Body of water near Auckland {Firth} of Thames
32%
Tonga, as dubbed by Captain Cook {Friendly} Islands
32%
World's largest sand island Fraser Island
27%
Breed of horse Australians call "Brumby" {Feral} Horse
25%
Melbourne street that is home to city's main railway station Flinders Street
23%
Nickname of South Australia {Festival} State
18%
No matching quizzes found
Score Distribution
Percent of People with Each Score
Percentile by Number Answered
Your Score History
You have not taken this quiz